logo

Bir Sreshtho Munshi Abdur Rouf Library
Jhenaidah Cadet College

মিসিসিপর রহস্য / (Record no. 2954)

MARC details
000 -LEADER
fixed length control field 00735nam a22002297a 4500
001 - CONTROL NUMBER
JCCL Control Number 2954
003 - CONTROL NUMBER IDENTIFIER
JCCL marc code BD-JhCC
005 - DATE AND TIME OF LATEST TRANSACTION
control field 20171112191656.0
008 - FIXED-LENGTH DATA ELEMENTS--GENERAL INFORMATION
fixed length control field 171108s1970 bg |||| |||| 000 0 ben d
035 ## - SYSTEM CONTROL NUMBER
system control number (BD-JhCC)2954
040 ## - CATALOGING SOURCE
Original cataloging agency BD-JhCC
Modifying agency BD-JhCC
041 ## - LANGUAGE CODE
Language code of Book ben
082 ## - DEWEY DECIMAL CLASSIFICATION NUMBER
Classification number 891.44
Author mark and Year PRI 1970
100 ## - MAIN ENTRY--PERSONAL NAME
Personal name প্রাইস, উইলার্ড
245 ## - TITLE STATEMENT
Title মিসিসিপর রহস্য /
Statement of responsibility, etc উইলার্ড প্রাইস; নীলুফার হুদা (অনু.)
300 ## - PHYSICAL DESCRIPTION
Pagination ৮৪ পৃ. :
Dimensions ২২ সেমি.
650 ## - SUBJECT ADDED ENTRY--TOPICAL TERM
Topical term or geographic name as entry element Bengali Fiction
700 ## - ADDED ENTRY--PERSONAL NAME
Personal name হুদা, নীলুফার
856 ## - ELECTRONIC LOCATION AND ACCESS
Materials specified হুদা, নীলুফার
942 ## - ADDED ENTRY ELEMENTS (KOHA)
Source of classification or shelving scheme Dewey Decimal Classification
Koha item type Books
Holdings
Source of classification or shelving scheme Damaged status Not for loan Home library Current library Shelving location Date of accession Cost, normal purchase price Total Checkouts Full call number Barcode Date last seen Copy number Koha item type
Dewey Decimal Classification     JCC Rouf Library JCC Rouf Library General Stacks 11/08/2017 2.00   891.44 PRI 1970 4718 11/08/2017 C- 1 Books

JCC Library | Contacts | JCC Home

Last Update on 23 September 2017
Copyright @ 2017-2020 JCC Rouf Library
Rouf Library, Jhenidah Cadet College (JCC), Bangladesh